000 00673nam a2200205 i 4500
001 34439
003 ES-MaACL
007 t|
008 030207s1974 sp ||||1| spa d
100 1 _aBloom, Arthur L.
_929557
245 1 3 _aLa superficie de la tierra /
_cArthur L. Bloom ; [traducido por Juan Carlos M. Turner].
260 _aBarcelona :
_bOmega,
_c[1974]
300 _aVIII, 151 p. ;
_c24 cm.
490 1 _aFundamentos de las ciencias de la tierra
_9229493
700 1 _aTurner, Juan Carlos M.
_9111740
830 1 _aFundamentos de las ciencias de la tierra
_9229493
852 _aES-MaACL
_jE-9132
_bR.93400
942 _2udc
999 _c34439
_d34439